00738naa a22001337i 45000010005000000030009000050050017000140080041000310400029000721000159001012450141002607000157004017730046005588960KOSZ 00520180313084454.0180312s2005 un a|||f| ||||0|| 0 eng d cKOSZ 005/HRaKOSZ 005/HR1 aANIELAK, Anna Maria.d1996 - 2011.bPolitechnika Koszalińska - Wydział Budownictwa i Inżynierii Środowiska,cKatedra Technologii Wody i Ścieków10aModified zeolites in the process of biological sewage purification in sequencing batch reactor /cAnielak Anna M., Krzysztof Piaskowski.1 aPIASKOWSKI, Krzysztof.bPolitechnika Koszalińska - Wydział Budownictwa i Inżynierii Środowiska,cKatedra Technologii Wody i Ściekówd1998 - .0 tPинok Iнcтaляцiй. -g2005, No 3